Normal view
MARC view
Entry Personal Name
001 - CONTROL NUMBER
- control field: 40595
003 - CONTROL NUMBER IDENTIFIER
- control field: ARRUPE
005 - DATE AND TIME OF LATEST TRANSACTION
- control field: 20180314144653.0
008 - FIXED-LENGTH DATA ELEMENTS
- fixed length control field: 180314|| aca||aabn | a|a d
040 ## - CATALOGING SOURCE
- Original cataloging agency: ARRUPE
- Transcribing agency: ARRUPE
100 ## - HEADING--PERSONAL NAME
- Personal name: Romdenh-Romluc, Komarine.
670 ## - SOURCE DATA FOUND
- Source citation: Work cat.: (ARRUPE)0: Romdenh-Romluc, Komarine., Routledge philosophy guidebook to Merleau-Ponty and phenomenology of perception /, 2011.